000 00742nam a2200241Ia 4500
003 OSt
005 20220928115709.0
006 a|||||r|||| 00| 0
007 ta
008 220927b |||||||| |||| 00| 0 eng d
024 _a34608
037 _cTextual
040 _aSDCL
_cSDCL
_beng
041 _2eng
_aeng
082 _aX9(F555).461'N7, L6
100 _aSherbiny Naiem A Ed.
_9445660
245 0 _aArab oil
_b Impact on the arab countries and global implications
260 _aNew York
_b Praeger Publishers
_c1976
300 _axi,327p
_ccm.
700 _a Tessler Mark A Ed.
_9445661
942 _hX9(F555).461'N7, L6
_cTEXL
_2CC
999 _c760566
_d760566